<?xml version="1.0" encoding="UTF-8"?>
<marc:record xmlns:marc="http://www.loc.gov/MARC21/slim">
   <marc:leader>00000nam a2200000 a 4500</marc:leader>
   <marc:datafield ind1="1" ind2=" " tag="100">
      <marc:subfield code="a">Polojachtof, Catrin</marc:subfield>
      <marc:subfield code="4">edt</marc:subfield>
      <marc:subfield code="e">Bearbeiter/-in</marc:subfield>
   </marc:datafield>
   <marc:datafield ind1="1" ind2=" " tag="100">
      <marc:subfield code="a">Rohn, Reinhard</marc:subfield>
      <marc:subfield code="4">edt</marc:subfield>
      <marc:subfield code="e">Bearbeiter/-in</marc:subfield>
   </marc:datafield>
   <marc:datafield ind1=" " ind2=" " tag="653">
      <marc:subfield code="a">Weihnachten</marc:subfield>
   </marc:datafield>
   <marc:datafield ind1=" " ind2=" " tag="653">
      <marc:subfield code="a">Anthologie</marc:subfield>
   </marc:datafield>
   <marc:datafield ind1="0" ind2="0" tag="245">
      <marc:subfield code="a">Weihnachtsträume</marc:subfield>
   </marc:datafield>
   <marc:datafield ind1="0" ind2="0" tag="245">
      <marc:subfield code="b">der literarische Adventskalender ; mit 24 Rezepten zur Weihnachtszeit</marc:subfield>
   </marc:datafield>
   <marc:datafield ind1="0" ind2="0" tag="245">
      <marc:subfield code="c">hrsg. von Catrin Polojachtof und Reinhard Rohn</marc:subfield>
   </marc:datafield>
   <marc:datafield ind1=" " ind2="1" tag="264">
      <marc:subfield code="a">Berlin</marc:subfield>
      <marc:subfield code="b">Rütten &amp; Loening</marc:subfield>
      <marc:subfield code="c">2011</marc:subfield>
   </marc:datafield>
   <marc:datafield ind1=" " ind2=" " tag="250">
      <marc:subfield code="a">Erw. und veränd. Neuausg., 1. Aufl.</marc:subfield>
   </marc:datafield>
   <marc:datafield ind1="1" ind2=" " tag="520">
      <marc:subfield code="a">Angaben aus der Verlagsmeldung

Weihnachtsträume - Der literarische Adventskalender : Mit 24 Rezepten zur Weihnachtszeit

Welche Wege gibt es, sich die lange Wartezeit auf den Heiligen Abend zu verkürzen? Nun, dieser Band verrät es: lesen und genießen. Vierundzwanzig Geschichten sowie vierundzwanzig weihnachtliche Rezepte sorgen dafür, dass die Vorfreude auf das große Fest immer größer wird.

Endlich wieder Weihnachten: Niemals im Jahr empfinden die Menschen eine größere Vorfreude und Besinnlichkeit als in der Adventszeit. Doch die Tage vor Weihnachten sind nicht nur eine Zeit der Erwartung, sondern auch des kulinarischen Vergnügens. Vierundzwanzig originelle Weihnachtsrezepte sowie vierundzwanzig wunderschöne Geschichten zum Fest, die in diesem Band versammelt sind, verkürzen – garantiert! – das lange Warten auf den Heiligen Abend und laden gleichzeitig zum Genießen ein.

Mit Geschichten von Marie-Luise Kaschnitz, John Updike, Italo Calvino, Rainer Maria Rilke, Hanns Dieter Hüsch, Herbert Rosendorfer, Stephen Fry und vielen anderen.
</marc:subfield>
   </marc:datafield>
   <marc:datafield ind1=" " ind2=" " tag="020">
      <marc:subfield code="a">9783352008177</marc:subfield>
      <marc:subfield code="9">9783352008177</marc:subfield>
   </marc:datafield>
   <marc:datafield ind1=" " ind2=" " tag="020">
      <marc:subfield code="a">3352008175</marc:subfield>
      <marc:subfield code="9">3352008175</marc:subfield>
   </marc:datafield>
   <marc:datafield ind1=" " ind2=" " tag="041">
      <marc:subfield code="a">ger</marc:subfield>
   </marc:datafield>
   <marc:datafield ind1=" " ind2=" " tag="300">
      <marc:subfield code="a">247 S.</marc:subfield>
   </marc:datafield>
</marc:record>
